[Event "World ol U16"]
[Site "Eindhoven"]
[Date "2023.08.15"]
[Round "4.16"]
[White "Mikko, Rondo"]
[Black "Todev, Simeon"]
[Result "1-0"]
[WhiteElo "1665"]
[BlackElo "1999"]
[PlyCount "179"]
[EventDate "2023.08.13"]
[EventType "team-swiss"]
[EventRounds "9"]
[EventCountry "NED"]
[SourceTitle "CBM 215 Extra"]
[Source "ChessBase"]
[SourceDate "2023.09.30"]
[SourceVersion "1"]
[SourceVersionDate "2023.09.30"]
[SourceQuality "1"]
[WhiteTeam "Estonia"]
[BlackTeam "Bulgaria"]
[WhiteTeamCountry "EST"]
[BlackTeamCountry "BUL"]

1. d4 d5 2. Nf3 Nf6 3. c4 c6 4. cxd5 cxd5 5. Nc3 Nc6 6. Ne5 Bf5 7. Nxc6 bxc6 8. e3 e6 9. Bd3 Bg6 10. 0-0 Bd6 11. h3 0-0 12. Bxg6 hxg6 13. Bd2 e5 14. dxe5 Bxe5 15. Na4 Ne4 16. Rc1 Qd7 17. Bc3 Nxc3 18. Nxc3 Rab8 19. b3 Rfc8 20. e4 Rd8 21. exd5 cxd5 22. Qd3 Rb6 23. Na4 Rb4 24. Rfd1 g5 25. Rc5 Rd4 26. Qf3 Qe6 27. Rxd4 Bxd4 28. Rc1 Bf6 29. Rd1 Qc6 30. g3 Rd6 31. Kg2 d4 32. Qxc6 Rxc6 33. Rd2 Be5 34. Kf3 f5 35. Ke2 Kf7 36. Kd3 Ke6 37. Rc2 Rxc2 38. Kxc2 Kd5 39. Kd3 f4 40. g4 f3 41. Nb2 Bh2 42. Nc4 Bg1 43. Nd2 Bxf2 44. Nxf3 Be3 45. b4 g6 46. a4 a6 47. b5 axb5 48. axb5 Kc5 49. b6 Kxb6 50. Nxd4 Bc1 51. Ke4 Kc7 52. Ne6+ Kd6 53. Nf8 Bb2 54. Nxg6 Ke6 55. Nf8+ Kf7 56. Nd7 Ke6 57. Nc5+ Kf6 58. Kd5 Bc1 59. Nd7+ Kg6 60. Ke6 Bf4 61. Ne5+ Kg7 62. Kf5 Bc1 63. Nd7 Bd2 64. Nc5 Bc1 65. Ne6+ Kh6 66. Kf6 Bb2+ 67. Kf7 Be5 68. Nf8 Bc3 69. Ke6 Bd2 70. Nd7 Kg6 71. Ne5+ Kh6 72. Kf6 Bc3 73. Kf5 Bd2 74. Nf7+ Kg7 75. Nxg5 Bc3 76. Nf3 Kh7 77. g5 Kg7 78. h4 Kh7 79. h5 Bg7 80. Ne5 Bf8 81. Nf7 Bg7 82. g6+ Kg8 83. h6 Bxh6 84. Nxh6+ Kg7 85. Ng4 Kg8 86. Kg5 Kg7 87. Nf2 Kg8 88. Kh6 Kh8 89. g7+ Kg8 90. Nh1 1-0

[Event "World ol U16"]
[Site "Eindhoven"]
[Date "2023.08.13"]
[Round "1.28"]
[White "Mikko, Rondo"]
[Black "Hsu, Che"]
[Result "1-0"]
[WhiteElo "1665"]
[BlackElo "1505"]
[PlyCount "71"]
[EventDate "2023.08.13"]
[EventType "team-swiss"]
[EventRounds "9"]
[EventCountry "NED"]
[SourceTitle "CBM 215 Extra"]
[Source "ChessBase"]
[SourceDate "2023.09.30"]
[SourceVersion "1"]
[SourceVersionDate "2023.09.30"]
[SourceQuality "1"]
[WhiteTeam "Estonia"]
[BlackTeam "Chinese Taipei II"]
[WhiteTeamCountry "EST"]
[BlackTeamCountry "TPE"]

1. Nf3 d5 2. d4 Nf6 3. Bf4 Bf5 4. e3 e6 5. Nbd2 Bd6 6. Bxd6 Qxd6 7. c4 c6 8. Be2 Nbd7 9. Rc1 0-0 10. 0-0 h6 11. Qb3 Rab8 12. Qa4 a6 13. Qa3 Qxa3 14. bxa3 Ne4 15. c5 Bg4 16. Nb3 Ng5 17. h4 Nxf3+ 18. gxf3 Bh3 19. Rfe1 Bf5 20. Na5 g5 21. hxg5 hxg5 22. Rc3 Kg7 23. Kg2 Rh8 24. Rh1 Rxh1 25. Kxh1 Bb1 26. Rb3 Bxa2 27. Rb2 Bc4 28. Bxc4 dxc4 29. Nxc4 Kf6 30. Na5 b6 31. Nxc6 Rh8+ 32. Kg2 bxc5 33. Rb7 Rc8 34. Na5 Ke7 35. Nc4 cxd4 36. Ne5 1-0

[Event "Wch U16 rapid"]
[Site "Rhodes"]
[Date "2022.05.01"]
[Round "2"]
[White "Rakhmatullaev, Almas"]
[Black "Mikko, Rondo"]
[Result "1-0"]
[WhiteElo "2050"]
[BlackElo "1892"]
[PlyCount "89"]
[EventDate "2022.05.01"]
[EventType "swiss (rapid)"]
[EventRounds "9"]
[EventCountry "GRE"]
[SourceTitle "CBM 208 Extra"]
[Source "ChessBase"]
[SourceDate "2022.07.31"]
[SourceVersion "1"]
[SourceVersionDate "2022.07.31"]
[SourceQuality "1"]

1. e4 e5 2. Nf3 Nc6 3. Bb5 a6 4. Ba4 d6 5. c3 Bd7 6. 0-0 g6 7. d4 Bg7 8. Re1 Qe7 9. dxe5 Nxe5 10. Nxe5 dxe5 11. Bxd7+ Qxd7 12. Qb3 Qb5 13. Qxb5+ axb5 14. Na3 c6 15. c4 bxc4 16. Nxc4 b5 17. Nb6 Rb8 18. Be3 Nf6 19. Rac1 0-0 20. Rxc6 Nxe4 21. f3 Nf6 22. Rd1 Rb7 23. Bg5 Nh5 24. Nd7 Re8 25. g4 Nf4 26. Nf6+ Bxf6 27. Bxf6 h5 28. Kf2 hxg4 29. fxg4 e4 30. Ke3 Ng2+ 31. Kf2 Nf4 32. Kg3 Ne2+ 33. Kh4 Nf4 34. Rf1 Ng2+ 35. Kg3 Ne3 36. Re1 Nd5 37. Bd4 Rd7 38. Rxe4 Ra8 39. Bc5 f5 40. Rxg6+ Kf7 41. gxf5 Rxa2 42. Bd4 Re7 43. Rg7+ Kf8 44. Rgxe7 Nxe7 45. Bc5 1-0

[Event "EU-ch Amateur Online Final 1700/2000"]
[Site "Tornelo INT"]
[Date "2021.04.25"]
[Round "6"]
[White "Mikko, Rondo"]
[Black "Lagaras, Stylianos"]
[Result "1-0"]
[WhiteElo "1497"]
[BlackElo "1865"]
[PlyCount "129"]
[EventDate "2021.04.25"]
[EventType "swiss (rapid)"]
[EventRounds "9"]
[EventCountry "NET"]
[SourceTitle "EXT 2023"]
[Source "ChessBase"]
[SourceDate "2022.10.05"]
[SourceVersion "1"]
[SourceVersionDate "2022.10.05"]
[SourceQuality "1"]

1. Nf3 Nf6 2. g3 d5 3. Bg2 c6 4. 0-0 Bg4 5. d4 e6 6. Nbd2 Nbd7 7. b3 Be7 8. Bb2 0-0 9. h3 Bh5 10. g4 Bg6 11. Nh4 Be4 12. Nhf3 Bg6 13. Ne5 Nxe5 14. dxe5 Nd7 15. f4 f6 16. f5 Bf7 17. e4 Qb6+ 18. Kh1 Nxe5 19. Bxe5 fxe5 20. Qe2 Bg5 21. Nf3 Bf4 22. Rad1 Rae8 23. Ne1 Qe3 24. Qxe3 Bxe3 25. Rd3 Bb6 26. Rd1 exf5 27. Rxf5 g6 28. Rf1 Be6 29. Nd3 Bd4 30. Rde1 Rxf1+ 31. Rxf1 Kg7 32. Bf3 h5 33. Kg2 hxg4 34. hxg4 Bf7 35. Re1 Kf6 36. Rh1 Kg7 37. Kg3 dxe4 38. Bxe4 Bd5 39. Re1 Bc3 40. Re2 Bd4 41. Nb4 Rd8 42. Nd3 Re8 43. Ne1 a5 44. Nf3 Bxe4 45. Rxe4 c5 46. a4 Kf6 47. Nd2 Bc3 48. Nc4 Ke6 49. Re3 Bd4 50. Re2 Kd5 51. Nxa5 b6 52. Nc4 e4 53. Nxb6+ Kc6 54. Nc4 Kd5 55. a5 Rf8 56. a6 Rf7 57. Rd2 Kc6 58. Rxd4 Rf3+ 59. Kg2 cxd4 60. Ne5+ Kb6 61. Nxf3 exf3+ 62. Kxf3 Kxa6 63. Ke4 Kb5 64. Kxd4 Kb4 65. c4 1-0

[Event "Kaspersky op U16"]
[Site "Tornelo INT"]
[Date "2021.04.02"]
[Round "9"]
[White "Tunyk, Vladyslav"]
[Black "Mikko, Rondo"]
[Result "0-1"]
[WhiteElo "1579"]
[BlackElo "1497"]
[PlyCount "128"]
[EventDate "2021.04.02"]
[EventType "swiss (blitz)"]
[EventRounds "11"]
[EventCountry "RUS"]
[SourceTitle "CBM 201 Extra"]
[Source "ChessBase"]
[SourceDate "2021.05.31"]
[SourceVersion "1"]
[SourceVersionDate "2021.05.31"]
[SourceQuality "1"]

1. e4 c6 2. d4 d5 3. e5 c5 4. dxc5 Nc6 5. Nf3 e6 6. Nc3 Bxc5 7. Bd3 a6 8. Bf4 Nge7 9. Qd2 Ng6 10. Bxg6 hxg6 11. 0-0-0 Bb4 12. a3 Bc5 13. Be3 Bxe3 14. Qxe3 Bd7 15. h3 Rc8 16. Kb1 Qa5 17. Qd2 Qc7 18. Rhe1 Na5 19. Na2 0-0 20. Qc3 Qxc3 21. Nxc3 Nc4 22. Ka2 Rc7 23. Nd2 Nb6 24. Nb3 Rfc8 25. Rd3 Nc4 26. Nd2 Nb6 27. Nb3 Kf8 28. f4 Ke7 29. g3 Ba4 30. Ree3 Bxb3+ 31. cxb3 Nd7 32. Rd2 Rd8 33. Red3 Nb6 34. Ne4 Nc8 35. Nc3 Rdd7 36. g4 Nb6 37. Ne2 Rc8 38. Nc3 Rh8 39. f5 gxf5 40. gxf5 exf5 41. Nxd5+ Nxd5 42. Rxd5 Rxd5 43. Rxd5 Rxh3 44. Rd2 Re3 45. Rg2 g6 46. Rd2 Rxe5 47. Rc2 Kf6 48. Rc7 Re7 49. Rc3 g5 50. Kb1 g4 51. Kc2 Kg5 52. Kd2 f4 53. Rc5+ f5 54. Rc8 f3 55. Rg8+ Kf4 56. Rh8 f2 57. Rh1 Re1 58. Rxe1 fxe1R 59. Kxe1 Ke3 60. Kf1 f4 61. Ke1 f3 62. Kf1 g3 63. Kg1 Ke2 64. Kh1 Kf2 0-1

[Event "Wch U12 blitz"]
[Site "Minsk"]
[Date "2018.06.24"]
[Round "1"]
[White "Mikko, Rondo"]
[Black "Mitusov, Semen"]
[Result "0-1"]
[WhiteElo "1451"]
[BlackElo "1987"]
[PlyCount "76"]
[EventDate "2018.06.24"]
[EventType "swiss (blitz)"]
[EventRounds "9"]
[EventCountry "BLR"]
[SourceTitle "EXT 2019"]
[Source "ChessBase"]
[SourceDate "2018.10.10"]
[SourceVersion "1"]
[SourceVersionDate "2018.10.10"]
[SourceQuality "1"]

1. Nf3 d5 2. g3 Nf6 3. Bg2 Bg4 4. 0-0 Nbd7 5. d4 c6 6. e3 e5 7. h3 Bxf3 8. Bxf3 e4 9. Bg2 h5 10. Nd2 Bd6 11. c4 Rc8 12. b3 b5 13. a4 b4 14. cxd5 cxd5 15. Bb2 h4 16. g4 0-0 17. Rc1 Nh7 18. f4 exf3 19. Nxf3 Re8 20. Qd3 Qe7 21. Rxc8 Rxc8 22. Rc1 Rxc1+ 23. Bxc1 Nhf8 24. Bd2 Ng6 25. Qf5 Nf6 26. g5 Ne4 27. Be1 Ng3 28. Bxg3 hxg3 29. Qd3 Qc7 30. Qd2 Ne7 31. Ne1 Qc6 32. Nc2 a5 33. Qd3 Qc8 34. Kf1 Ng6 35. Ne1 Nh4 36. Qd2 Qf5+ 37. Kg1 Qxg5 38. Bxd5 Qxd5 0-1